[Event "EU/EM/M/006 EU Email"]
[Site "EU eMail"]
[Date "2002.09.28"]
[Round "?"]
[White "Nocci, Roberto"]
[Black "Koch, Hans Georg"]
[Result "1-0"]
[WhiteElo "2311"]
[BlackElo "2347"]
[PlyCount "37"]
[EventDate "2002.??.??"]

1. d4 Nf6 2. c4 e6 3. Nc3 d5 4. Nf3 Bb4 5. Bg5 h6 6. Bxf6 Qxf6 7. e3 O-O 8. Rc1
dxc4 9. Bxc4 c5 10. O-O cxd4 11. Nxd4 Bd7 12. Qb3 Qe7 13. a3 Bxc3 14. Qxc3 Nc6
15. Nf3 Rac8 16. b4 a6 17. Qb3 Nxb4 18. axb4 Rxc4 19. Rxc4 1-0

[Event "EU/EM/M/006 EU Email"]
[Site "?"]
[Date "2002.09.28"]
[Round "?"]
[White "Dressel, Robert"]
[Black "Koch, Hans Georg"]
[Result "1-0"]
[WhiteElo "2076"]
[BlackElo "2347"]
[PlyCount "67"]

1. e4 d5 2. exd5 Qxd5 3. Nc3 Qa5 4. d4 c6 5. Nf3 Nf6 6. Bc4 Bf5 7. Bd2 e6 8.
Qe2 Bb4 9. O-O-O Nbd7 10. a3 Bxc3 11. Bxc3 Qc7 12. Ne5 b5 13. Bb3 Be4 14. Nxd7
Qxd7 15. Bb4 a5 16. Bc5 Bd5 17. Bxd5 Qxd5 18. Qe5 Qxe5 19. dxe5 Nd5 20. Rd4 f6
21. Re1 Kf7 22. b3 Rhd8 23. c4 fxe5 24. Rxe5 Nf6 25. Rxd8 Rxd8 26. Bb6 Ra8 27.
Bd4 b4 28. a4 Nd7 29. Re3 g6 30. h3 h5 31. Rd3 c5 32. Be3 Ke7 33. Bg5+ Nf6 34.
Kd2 1-0

[Event "EU/EM/M/006 EU Email"]
[Site "?"]
[Date "2002.09.28"]
[Round "?"]
[White "Zundel, Werner"]
[Black "Koch, Hans Georg"]
[Result "1/2-1/2"]
[WhiteElo "2260"]
[BlackElo "2347"]
[PlyCount "63"]

1. e4 d5 2. exd5 Qxd5 3. Nc3 Qa5 4. d4 c6 5. Nf3 Nf6 6. Bc4 Bf5 7. Bd2 e6 8.
Qe2 Bb4 9. O-O-O Nbd7 10. Ne5 Nxe5 11. dxe5 Nd5 12. Ne4 Bxe4 13. Qxe4 Bxd2+ 14.
Rxd2 O-O-O 15. Rhd1 Nb6 16. Bb3 Nd7 17. Qe1 Qb5 18. c4 Qc5 19. f4 Nb6 20. Kb1
Nxc4 21. Rc2 Rxd1+ 22. Qxd1 b5 23. Bxc4 bxc4 24. Qc1 Qd5 25. Rxc4 Kb7 26. g3
Rd8 27. a3 Qf3 28. Rc3 Rd3 29. Rxd3 Qxd3+ 30. Qc2 Qf1+ 31. Ka2 h5 32. Qb3+
1/2-1/2

[Event "EU/EM/M/006 EU Email"]
[Site "?"]
[Date "2002.09.28"]
[Round "?"]
[White "Dressel, Robert"]
[Black "Zundel, Werner"]
[Result "1/2-1/2"]
[WhiteElo "2076"]
[BlackElo "2260"]
[PlyCount "66"]

1. e4 e5 2. Nf3 Nc6 3. Bb5 a6 4. Bxc6 dxc6 5. O-O Qd6 6. Na3 b5 7. c3 c5 8. Nc2
Bb7 9. Re1 Ne7 10. a4 Ng6 11. axb5 axb5 12. Rxa8+ Bxa8 13. d4 cxd4 14. cxd4 c5
15. d5 Qd7 16. Ne3 f6 17. b3 Bb7 18. Nf5 Ne7 19. Ng3 Nc8 20. Be3 c4 21. bxc4
bxc4 22. Qc2 Nd6 23. Nd2 Qc8 24. Rc1 g6 25. Qa4+ Qd7 26. Qa2 Be7 27. Nxc4 O-O
28. Nb6 Qb5 29. Qa1 Rf7 30. Rb1 Qa6 31. Qxa6 Bxa6 32. Ra1 Bb7 33. f3 Bf8
1/2-1/2

[Event "EU/EM/M/006 EU Email"]
[Site "EU eMail"]
[Date "2002.09.28"]
[Round "?"]
[White "Nocci, Roberto"]
[Black "Zundel, Werner"]
[Result "1-0"]
[WhiteElo "2311"]
[BlackElo "2260"]
[PlyCount "85"]
[EventDate "2002.??.??"]

1. e4 e5 2. Nf3 Nc6 3. Bb5 a6 4. Ba4 Nf6 5. O-O Be7 6. Re1 b5 7. Bb3 d6 8. c3
O-O 9. h3 Bb7 10. d4 Re8 11. Nbd2 Bf8 12. a4 h6 13. Bc2 exd4 14. cxd4 Nb4 15.
Bb1 c5 16. d5 Nd7 17. Ra3 f5 18. Nh2 Nf6 19. Rf3 fxe4 20. Nxe4 Nbxd5 21. Bxh6
Rxe4 22. Bxe4 Nxe4 23. Rxe4 Nc3 24. bxc3 Bxe4 25. Re3 d5 26. Bf4 b4 27. cxb4
cxb4 28. Nf3 Rc8 29. Ng5 Bc2 30. Qg4 Rc6 31. Be5 Qc8 32. Qf3 Qd7 33. a5 Bg6 34.
Qd1 Rc2 35. Nf3 Qc6 36. Re1 Ra2 37. Ng5 Rxa5 38. Qg4 d4 39. Bxd4 Rd5 40. Qf3
Qc4 41. Ne6 Be7 42. Qg3 Kh7 43. Bxg7 1-0

[Event "EU/EM/M/006 EU Email"]
[Site "EU eMail"]
[Date "2002.09.28"]
[Round "?"]
[White "Dressel, Robert"]
[Black "Nocci, Roberto"]
[Result "1-0"]
[WhiteElo "2076"]
[BlackElo "2311"]
[PlyCount "87"]
[EventDate "2002.??.??"]

1. e4 c5 2. c3 Nf6 3. e5 Nd5 4. d4 cxd4 5. Nf3 Nc6 6. cxd4 d6 7. Bc4 e6 8. O-O
Nb6 9. Bd3 Nb4 10. Be2 dxe5 11. Nxe5 Nc6 12. Nxc6 bxc6 13. Nc3 Rb8 14. Bf4 Bd6
15. Bxd6 Qxd6 16. Ne4 Qf4 17. Bf3 O-O 18. Qe2 e5 19. g3 Qh6 20. dxe5 Nd7 21.
Nd6 Ba6 22. Nxf7 Rxf7 23. Qxa6 Nxe5 24. Bg2 Rxb2 25. Rab1 Rxb1 26. Rxb1 Rf8 27.
f4 Ng4 28. h3 Nf6 29. Qxc6 Qg6 30. Rb3 Re8 31. Qa4 h6 32. Qxa7 Re1+ 33. Bf1 Kh7
34. Qd4 Ne4 35. Kg2 Rc1 36. Qe3 Rc2+ 37. Kg1 Nc5 38. Rb5 Qc6 39. a4 Qc8 40. a5
Kh8 41. Rb6 Nd7 42. Rd6 Nf6 43. Qd4 Qb7 44. Rd8+ 1-0

[Event "EU/EM/M/006 EU Email"]
[Site "EU eMail"]
[Date "2002.09.28"]
[Round "?"]
[White "Koch, Hans Georg"]
[Black "Klausner, Helmut"]
[Result "1/2-1/2"]
[WhiteElo "2347"]
[BlackElo "2249"]
[PlyCount "41"]
[EventDate "2002.??.??"]

1. e4 e5 2. Nf3 Nc6 3. Bb5 a6 4. Ba4 Nf6 5. O-O Be7 6. Re1 b5 7. Bb3 O-O 8. c3
d6 9. h3 Bb7 10. d4 Re8 11. Nbd2 Bf8 12. a4 h6 13. Bc2 exd4 14. cxd4 Nb4 15.
Bb1 c5 16. d5 Nd7 17. Ra3 c4 18. axb5 axb5 19. Nd4 Qb6 20. N2f3 Nc5 21. Rxa8
1/2-1/2

[Event "EU/EM/M/006 EU Email"]
[Site "EU eMail"]
[Date "2002.09.28"]
[Round "?"]
[White "Klausner, Helmut"]
[Black "Pietruske, Siegfried"]
[Result "0-1"]
[WhiteElo "2249"]
[BlackElo "2419"]
[PlyCount "32"]
[EventDate "2002.??.??"]

1. e4 e5 2. Nf3 Nc6 3. d4 exd4 4. Nxd4 Nf6 5. Nxc6 bxc6 6. e5 Qe7 7. Qe2 Nd5 8.
Nd2 g6 9. c4 Ba6 10. Qe4 Nb6 11. b3 Bg7 12. Bb2 d5 13. Qe3 O-O 14. cxd5 Bxf1
15. Kxf1 cxd5 16. Qe4 dxe4 0-1

[Event "EU/EM/M/006 EU Email"]
[Site "?"]
[Date "2002.09.28"]
[Round "?"]
[White "Nocci, Roberto"]
[Black "Klausner, Helmut"]
[Result "1/2-1/2"]
[WhiteElo "2311"]
[BlackElo "2249"]
[PlyCount "51"]

1. d4 d5 2. c4 e6 3. Nc3 Nf6 4. Nf3 c6 5. e3 Nbd7 6. Bd3 dxc4 7. Bxc4 b5 8. Bd3
Bb7 9. O-O a6 10. a4 b4 11. Ne4 c5 12. Ned2 Be7 13. a5 O-O 14. Nc4 Qc7 15. h3
Rfd8 16. Re1 Rac8 17. b3 cxd4 18. exd4 Nd5 19. Nfe5 Nxe5 20. Nxe5 Bf6 21. Qg4
Nc3 22. Bc4 Bd5 23. Bxa6 Ra8 24. Bd3 Rxa5 25. Rxa5 Qxa5 26. Bxh7+ 1/2-1/2

[Event "EU/EM/M/006 EU Email"]
[Site "?"]
[Date "2002.09.28"]
[Round "?"]
[White "Bobel, Philippe"]
[Black "Dressel, Robert"]
[Result "1-0"]
[WhiteElo "2234"]
[BlackElo "2076"]
[PlyCount "44"]

1. e4 e6 2. b3 d5 3. e5 c5 4. Nf3 Ne7 5. Be2 Ng6 6. Bb2 d4 7. Na3 a6 8. O-O Nc6
9. Re1 Ncxe5 10. Nxe5 Nxe5 11. Bxa6 Rxa6 12. Rxe5 Bd7 13. Re1 b5 14. Qe2 Qb8
15. Nb1 Bd6 16. h3 O-O 17. c3 Qa7 18. a3 Rc8 19. Rc1 Qb7 20. cxd4 cxd4 21. d3
Rxc1+ 22. Bxc1 Qc8 1-0

[Event "EU/EM/M/006 EU Email"]
[Site "EUeMail"]
[Date "2002.09.28"]
[Round "?"]
[White "Klausner, Helmut"]
[Black "Dressel, Robert"]
[Result "1-0"]
[WhiteElo "2249"]
[BlackElo "2076"]
[PlyCount "42"]
[EventDate "2002.12.22"]

1. e4 e6 2. d4 d5 3. Nc3 Bb4 4. e5 c5 5. a3 Bxc3+ 6. bxc3 Ne7 7. Qg4 O-O 8. Bd3
Nbc6 9. Qh5 Ng6 10. Nf3 Qc7 11. O-O c4 12. Bxg6 fxg6 13. Qh3 Qa5 14. Bd2 Bd7
15. Ng5 h6 16. Nf3 Rf7 17. Qg4 Ne7 18. Rfb1 b6 19. Rb4 Rb8 20. Nh4 g5 21. Nf3
Nc6 1-0

[Event "EU/EM/M/006 EU Email"]
[Site "?"]
[Date "2002.09.28"]
[Round "?"]
[White "Dressel, Robert"]
[Black "Dziedzic, Andrzej"]
[Result "0-1"]
[WhiteElo "2076"]
[BlackElo "2149"]
[PlyCount "55"]
[EventDate "2002.??.??"]

1. e4 e5 2. Nf3 Nc6 3. Bb5 a6 4. Bxc6 dxc6 5. O-O Bg4 6. h3 Bh5 7. g4 Bg6 8.
Nxe5 Qd4 9. Nf3 Qd7 10. d3 f6 11. Kg2 Kd8 12. Qe2 Bf7 13. Re1 h5 14. g5 Be6 15.
Ng1 Kc8 16. f4 g6 17. Nc3 fxg5 18. fxg5 Bg7 19. Be3 Kb8 20. Rf1 Ne7 21. Na4 b6
22. Bxb6 cxb6 23. Nxb6 Qd6 24. Nxa8 Kxa8 25. c3 c5 26. Rad1 Re8 27. Qd2 Rd8 28.
Ne2 0-1

[Event "EU/EM/M/006 EU Email"]
[Site "?"]
[Date "2002.09.28"]
[Round "?"]
[White "Pietruske, Siegfried"]
[Black "Dressel, Robert"]
[Result "1-0"]
[WhiteElo "2419"]
[BlackElo "2076"]
[PlyCount "56"]
[EventDate "2002.??.??"]

1. e4 e6 2. d4 d5 3. Nc3 Bb4 4. e5 c5 5. a3 Bxc3+ 6. bxc3 Ne7 7. Qg4 O-O 8. Bd3
Nbc6 9. Qh5 Ng6 10. Nf3 Qc7 11. Be3 Nce7 12. O-O c4 13. Be2 f6 14. exf6 Rxf6
15. Bg5 Rf5 16. Nh4 Rf7 17. Bg4 Nxh4 18. Qxh4 Ng6 19. Qg3 Qxg3 20. hxg3 e5 21.
Bh5 e4 22. Bd2 Rf6 23. f3 Bd7 24. Rab1 b5 25. fxe4 dxe4 26. Rxf6 gxf6 27. Kf2
Kg7 28. a4 a6 1-0

[Event "EU/EM/M/006 EU Email"]
[Site "?"]
[Date "2002.09.28"]
[Round "?"]
[White "Koch, Hans Georg"]
[Black "Dziedzic, Andrzej"]
[Result "1-0"]
[WhiteElo "2347"]
[BlackElo "2149"]
[PlyCount "91"]

1. e4 e5 2. Nf3 Nc6 3. Bb5 a6 4. Ba4 Nf6 5. O-O Be7 6. Re1 d6 7. c3 b5 8. Bb3
Na5 9. Bc2 c5 10. d4 cxd4 11. cxd4 Bg4 12. dxe5 dxe5 13. Qxd8+ Rxd8 14. Nxe5
Bd6 15. Nxg4 Nxg4 16. h3 Ne5 17. Nc3 Bb4 18. a4 Nac6 19. Be3 Nc4 20. axb5 axb5
21. Re2 Bxc3 22. bxc3 h6 23. Bc5 Kd7 24. f4 f6 25. e5 fxe5 26. fxe5 N4xe5 27.
Bb6 Rdf8 28. Rd2+ Kc8 29. Rd5 Nc4 30. Bf2 Rxf2 31. Kxf2 Kc7 32. Rxb5 Rd8 33.
Be4 Nd6 34. Bxc6 Kxc6 35. Re5 Rd7 36. Ra4 Rc7 37. Ke3 Rd7 38. g4 Kb6 39. Rd4
Kc7 40. Re6 Nb5 41. Rxd7+ Kxd7 42. Rg6 Nxc3 43. Rxg7+ Ke8 44. Rh7 Nd1+ 45. Kf4
Kf8 46. Rxh6 1-0

[Event "EU/EM/M/006 EU Email"]
[Site "?"]
[Date "2002.09.28"]
[Round "?"]
[White "Zundel, Werner"]
[Black "Dziedzic, Andrzej"]
[Result "1-0"]
[WhiteElo "2260"]
[BlackElo "2149"]
[PlyCount "93"]

1. e4 e5 2. Nf3 Nc6 3. Bb5 a6 4. Ba4 Nf6 5. O-O Be7 6. Re1 d6 7. c3 b5 8. Bb3
Kf8 9. d4 Bg4 10. Be3 d5 11. exd5 Nxd5 12. h3 Bh5 13. dxe5 Nxe3 14. Rxe3 Qxd1+
15. Bxd1 Bg6 16. Nbd2 Rd8 17. a4 b4 18. Rc1 Bc5 19. Re1 Bb6 20. Be2 a5 21. Nc4
Bd3 22. Bxd3 Rxd3 23. cxb4 Nd8 24. e6 Nxe6 25. Nxb6 cxb6 26. Rxe6 fxe6 27. Rc8+
Ke7 28. Rxh8 axb4 29. Rxh7 Kf6 30. Rh5 Rd1+ 31. Kh2 Rb1 32. Rb5 Rxb2 33. Rxb6
Rxf2 34. Rxb4 Ra2 35. Kg3 Ke7 36. Rd4 Kf6 37. Re4 Kf5 38. Rf4+ Kg6 39. Ne5+ Kh6
40. Rg4 Kh7 41. Ng6 e5 42. Nxe5 Kg8 43. Kh4 Re2 44. Nc4 Re1 45. a5 Re7 46. Rd4
Ra7 47. Rd6 1-0

[Event "EU/EM/M/006 EU Email"]
[Site "EU eMail"]
[Date "2002.09.28"]
[Round "?"]
[White "Zundel, Werner"]
[Black "Klausner, Helmut"]
[Result "1/2-1/2"]
[WhiteElo "2260"]
[BlackElo "2249"]
[PlyCount "53"]
[EventDate "2003.01.09"]

1. e4 e5 2. Nf3 Nc6 3. Bb5 a6 4. Ba4 Nf6 5. O-O Be7 6. Re1 b5 7. Bb3 O-O 8. c3
d6 9. h3 Bb7 10. d4 Re8 11. Nbd2 Bf8 12. a4 h6 13. d5 Ne7 14. c4 bxc4 15. Bxc4
Qd7 16. b4 c6 17. dxc6 Bxc6 18. Bb2 Ng6 19. Qb3 Nf4 20. b5 axb5 21. axb5 Rxa1
22. Bxa1 Bb7 23. Bb2 Ne6 24. Ba3 Ra8 25. Bb4 Nf4 26. Bc3 g5 27. Bb2 1/2-1/2

[Event "EU/EM/M/006 EU Email"]
[Site "?"]
[Date "2002.09.28"]
[Round "?"]
[White "Pietruske, Siegfried"]
[Black "Nocci, Roberto"]
[Result "1/2-1/2"]
[WhiteElo "2419"]
[BlackElo "2311"]
[PlyCount "101"]

1. e4 c5 2. Nf3 d6 3. d4 cxd4 4. Nxd4 Nf6 5. Nc3 Nc6 6. Bg5 e6 7. Qd2 a6 8.
O-O-O h6 9. Nxc6 bxc6 10. Bf4 d5 11. Qe3 Be7 12. Be2 O-O 13. h4 Re8 14. e5 Nd7
15. Rh3 Qc7 16. Rg3 Bf8 17. Rg4 a5 18. Qg3 Ba6 19. Bxh6 Qxe5 20. Bf4 Qf5 21.
Rg5 Qh7 22. Rh5 Qg6 23. Qxg6 fxg6 24. Rg5 e5 25. Bxa6 Rxa6 26. Bd2 Kf7 27. h5
gxh5 28. Rxh5 a4 29. f3 Bc5 30. Rdh1 Raa8 31. b3 axb3 32. cxb3 Bd6 33. Kb2 Reb8
34. Rf5+ Nf6 35. Kc2 Ra3 36. Bc1 Ra6 37. Bd2 d4 38. Na4 g6 39. Rg5 e4 40. fxe4
Nxe4 41. Rf1+ Kg7 42. Rg4 Nxd2 43. Kxd2 c5 44. Kd3 Rb4 45. Rc1 Raxa4 46. bxa4
Rxa4 47. Rc2 Ra3+ 48. Ke4 d3 49. Rc1 c4 50. Rxc4 d2 51. Rd4 1/2-1/2

[Event "EU/EM/M/006 EU Email"]
[Site "?"]
[Date "2002.09.28"]
[Round "?"]
[White "Pietruske, Siegfried"]
[Black "Zundel, Werner"]
[Result "1/2-1/2"]
[WhiteElo "2419"]
[BlackElo "2260"]
[PlyCount "110"]

1. e4 e5 2. Nf3 Nc6 3. Bb5 a6 4. Ba4 Nf6 5. O-O Be7 6. Re1 b5 7. Bb3 O-O 8. c3
d6 9. h3 Bb7 10. d4 Re8 11. a4 h6 12. Nbd2 Bf8 13. d5 Ne7 14. c4 Qd7 15. Qe2 c6
16. dxc6 Bxc6 17. axb5 axb5 18. Rxa8 Rxa8 19. cxb5 Bxb5 20. Bc4 Bc6 21. b4 Rb8
22. Qd3 Ng6 23. Ba3 Nf4 24. Qc2 Qb7 25. Re3 Rc8 26. Qb3 Nxe4 27. Nxe4 Bxe4 28.
Bxf7+ Qxf7 29. Qxf7+ Kxf7 30. Rxe4 Nd5 31. Re2 Ra8 32. Bc1 Ra1 33. Re1 Nxb4 34.
Bd2 Rxe1+ 35. Nxe1 d5 36. f3 Bc5+ 37. Kf1 g5 38. Ke2 Kf6 39. Nd3 Nxd3 40. Kxd3
h5 41. Ke2 h4 42. Kd3 Kf5 43. Ke2 Bg1 44. Kd3 Bf2 45. Bc1 Bg3 46. Be3 Bh2 47.
Bc5 d4 48. Bb4 Kf4 49. Be1 Bg1 50. Ke2 Be3 51. Kd3 Bc1 52. Ke2 e4 53. fxe4 Kxe4
54. Bb4 Be3 55. Be7 d3+ 1/2-1/2

[Event "EU/EM/M/006 EU Email"]
[Site "?"]
[Date "2002.09.28"]
[Round "?"]
[White "Bobel, Philippe"]
[Black "Zundel, Werner"]
[Result "0-1"]
[WhiteElo "2234"]
[BlackElo "2260"]
[PlyCount "62"]

1. d4 Nf6 2. c4 e6 3. Nc3 Bb4 4. e3 O-O 5. Bd3 d5 6. Nf3 c5 7. O-O Nc6 8. a3
Bxc3 9. bxc3 Qc7 10. cxd5 exd5 11. dxc5 Bg4 12. Rb1 Rfd8 13. h3 Bh5 14. g4 Bg6
15. Bxg6 hxg6 16. Qb3 Na5 17. Qb4 Ne4 18. Nd4 Rd7 19. Nb5 Qd8 20. f3 Nc6 21.
Qb2 Nxc5 22. Rd1 a6 23. Nd4 Ne5 24. Qe2 Rc8 25. Qh2 Qe7 26. Bd2 Na4 27. Rb3 b5
28. Qe2 Nc4 29. Ra1 Qe5 30. Kg2 Re7 31. Re1 Nc5 0-1

[Event "EU/EM/M/006 EU Email"]
[Site "?"]
[Date "2002.09.28"]
[Round "?"]
[White "Bobel, Philippe"]
[Black "Nocci, Roberto"]
[Result "1/2-1/2"]
[WhiteElo "2234"]
[BlackElo "2311"]
[PlyCount "85"]

1. b3 e5 2. Bb2 Nc6 3. e3 Nf6 4. Bb5 d6 5. Ne2 Be7 6. d4 Bd7 7. dxe5 dxe5 8.
Bxc6 Bxc6 9. Qxd8+ Rxd8 10. Bxe5 Nd7 11. Bxc7 Rc8 12. Ba5 Bxg2 13. Rg1 Be4 14.
c4 Ne5 15. Nd2 Bg6 16. Nf4 Bf6 17. Rc1 O-O 18. Ke2 Rfe8 19. Bc3 Rc6 20. Bxe5
Rxe5 21. Nxg6 hxg6 22. Rcd1 Rb6 23. Nf3 Ra5 24. Rd2 Be7 25. Rgd1 g5 26. h3 Rf6
27. Rd7 Bb4 28. a4 Raf5 29. Rxb7 Rxf3 30. Rd8+ Bf8 31. Rbb8 Kh7 32. Rxf8 Rxf2+
33. Kd3 Kg6 34. Ra8 Rd6+ 35. Kc3 Rf3 36. Rxa7 Rxe3+ 37. Kb4 Rf6 38. Rb7 Rxh3
39. a5 g4 40. Rd8 g3 41. Rd4 Kh7 42. Rb6 g2 43. Rg4 1/2-1/2

[Event "EU/EM/M/006 EU Email"]
[Site "?"]
[Date "2002.09.28"]
[Round "?"]
[White "Pietruske, Siegfried"]
[Black "Koch, Hans Georg"]
[Result "1/2-1/2"]
[WhiteElo "2419"]
[BlackElo "2347"]
[PlyCount "98"]

1. e4 d5 2. exd5 Qxd5 3. Nc3 Qa5 4. Nf3 Nf6 5. d4 c6 6. Bd2 Bf5 7. Bc4 e6 8.
Ne4 Qd8 9. Ng3 Bg6 10. O-O Bd6 11. c3 Nbd7 12. Qe2 Qc7 13. a4 O-O 14. Nh4 c5
15. Nxg6 hxg6 16. dxc5 Qxc5 17. Be3 Qc7 18. Rad1 Ne5 19. Ba2 Neg4 20. Bd4 Bf4
21. Qb5 b6 22. Bxf6 Nxf6 23. Qc4 Bxg3 24. hxg3 Qe7 25. Rd4 Rac8 26. Qd3 Rfd8
27. Rd1 Rxd4 28. Qxd4 Qc5 29. Qxc5 bxc5 30. f3 Kf8 31. Kf2 Ke7 32. Bc4 Ne8 33.
b3 Rb8 34. Rb1 Nd6 35. Be2 a5 36. g4 g5 37. Ke3 e5 38. Bd3 g6 39. Bc2 Rh8 40.
Ke2 f5 41. b4 cxb4 42. cxb4 Rc8 43. Kd1 axb4 44. Rxb4 Ke6 45. Bb3+ Kd7 46. Bd5
Rc5 47. Bg8 Ke7 48. Kd2 Rc8 49. Bb3 Kd7 1/2-1/2

[Event "EU/EM/M/006 EU Email"]
[Site "?"]
[Date "2002.09.28"]
[Round "?"]
[White "Shchebenyuk, Mikhail"]
[Black "Koch, Hans Georg"]
[Result "1/2-1/2"]
[WhiteElo "2284"]
[BlackElo "2347"]
[PlyCount "48"]

1. e4 d5 2. exd5 Qxd5 3. Nc3 Qa5 4. d4 c6 5. Nf3 Nf6 6. Bc4 Bf5 7. Bd2 e6 8.
Qe2 Bb4 9. Ne5 Nbd7 10. Nxd7 Nxd7 11. a3 Nf6 12. O-O-O Bxc3 13. Bxc3 Qc7 14. f3
O-O-O 15. Be1 b5 16. Bb3 h5 17. Bg3 Qb6 18. Be5 Kb7 19. Rhg1 Bg6 20. h4 a5 21.
Qe3 a4 22. Ba2 Nd5 23. Bxd5 cxd5 24. Bxg7 Rhg8 1/2-1/2

[Event "EU/EM/M/006 EU Email"]
[Site "?"]
[Date "2002.09.28"]
[Round "?"]
[White "Shchebenyuk, Mikhail"]
[Black "Nocci, Roberto"]
[Result "1/2-1/2"]
[WhiteElo "2284"]
[BlackElo "2311"]
[PlyCount "43"]

1. e4 c5 2. Nf3 d6 3. Bb5+ Nc6 4. O-O Bd7 5. d4 cxd4 6. Nxd4 Nf6 7. Nc3 g6 8.
h3 Bg7 9. Be3 Nxd4 10. Bxd7+ Qxd7 11. Bxd4 O-O 12. Qd3 Rfc8 13. Rad1 Qc6 14. f4
b5 15. a3 a5 16. e5 Nd5 17. Nxb5 Nxf4 18. Rxf4 dxe5 19. Re4 exd4 20. Rxe7 Qc5
21. Rde1 Rab8 22. a4 1/2-1/2

[Event "EU/EM/M/006 EU Email"]
[Site "?"]
[Date "2002.09.28"]
[Round "?"]
[White "Bobel, Philippe"]
[Black "Pietruske, Siegfried"]
[Result "1/2-1/2"]
[WhiteElo "2234"]
[BlackElo "2419"]
[PlyCount "59"]

1. b3 d5 2. Bb2 Nf6 3. e3 e6 4. Nf3 Bd6 5. c4 O-O 6. d4 c5 7. dxc5 Bxc5 8. Qc2
Nc6 9. a3 Be7 10. Nbd2 Bd7 11. Bd3 dxc4 12. Nxc4 Rc8 13. Qe2 Na5 14. Ncd2 Nd5
15. O-O Bf6 16. Ne5 Nc6 17. Ndf3 Qe7 18. Nxd7 Qxd7 19. Bxf6 Nxf6 20. Rfd1 Qc7
21. Rac1 Qb6 22. b4 Ne7 23. Rc2 a5 24. bxa5 Qxa5 25. Rb1 b6 26. Rb5 Qxa3 27.
Rxb6 Rfd8 28. Rxc8 Rxc8 29. h3 h6 30. Nd4 1/2-1/2

[Event "EU/EM/M/006 EU Email"]
[Site "?"]
[Date "2002.09.28"]
[Round "?"]
[White "Koch, Hans Georg"]
[Black "Bobel, Philippe"]
[Result "1-0"]
[WhiteElo "2347"]
[BlackElo "2234"]
[PlyCount "89"]

1. e4 e5 2. Nf3 d6 3. d4 exd4 4. Nxd4 Nf6 5. Nc3 Be7 6. Bf4 O-O 7. Qd2 Nc6 8.
O-O-O Nxd4 9. Qxd4 Be6 10. Kb1 Ng4 11. Qd2 Re8 12. Bg3 a6 13. Be2 b5 14. Nd5
Nf6 15. f3 Bxd5 16. exd5 Qd7 17. Rhe1 Bf8 18. Bh4 Be7 19. Bf2 Bf8 20. g4 c6 21.
dxc6 Qxc6 22. h4 Nd7 23. g5 Rac8 24. c3 b4 25. cxb4 Ne5 26. Qc3 Qa4 27. Qb3
Qxb3 28. axb3 Rb8 29. f4 Nc6 30. Bxa6 Nxb4 31. Bc4 Red8 32. Re2 d5 33. Red2 Be7
34. Bxd5 Nxd5 35. Rxd5 Rxd5 36. Rxd5 Rxb3 37. Kc2 Rb7 38. Bc5 Bxc5 39. Rxc5 f6
40. Kc3 Kf7 41. b4 fxg5 42. fxg5 Ke6 43. b5 Kd6 44. Kb4 g6 45. Rc6+ 1-0

[Event "EU/EM/M/006 EU Email"]
[Site "?"]
[Date "2002.09.28"]
[Round "?"]
[White "Pietruske, Siegfried"]
[Black "Shchebenyuk, Mikhail"]
[Result "1-0"]
[WhiteElo "2419"]
[BlackElo "2284"]
[PlyCount "47"]

1. e4 e5 2. Nf3 Nc6 3. Bb5 Nd4 4. Nxd4 exd4 5. O-O Bc5 6. d3 c6 7. Ba4 Qh4 8.
Nd2 d6 9. c3 dxc3 10. bxc3 Nf6 11. d4 Bb6 12. Ba3 Bc7 13. Nf3 Qg4 14. e5 dxe5
15. h3 Qg6 16. Nxe5 Bxe5 17. dxe5 Nd7 18. Qd4 Nb6 19. Qh4 Qe6 20. Rad1 Bd7 21.
Bb3 Nd5 22. Bxd5 cxd5 23. Rxd5 f6 24. exf6 1-0

[Event "EU/EM/M/006 EU Email"]
[Site "?"]
[Date "2002.09.28"]
[Round "?"]
[White "Shchebenyuk, Mikhail"]
[Black "Zundel, Werner"]
[Result "1/2-1/2"]
[WhiteElo "2284"]
[BlackElo "2260"]
[PlyCount "44"]

1. e4 e5 2. Nf3 Nc6 3. d4 exd4 4. Nxd4 Nf6 5. Nxc6 bxc6 6. e5 Qe7 7. Qe2 Nd5 8.
c4 Nb6 9. Nd2 Qe6 10. b3 Be7 11. Bb2 O-O 12. O-O-O d5 13. exd6 cxd6 14. Qd3 d5
15. cxd5 Nxd5 16. Kb1 Rb8 17. h4 g6 18. f3 Bd6 19. f4 a5 20. Bd4 a4 21. Be5
axb3 22. axb3 Rb5 1/2-1/2

[Event "EU/EM/M/006 EU Email"]
[Site "?"]
[Date "2002.09.28"]
[Round "?"]
[White "Klausner, Helmut"]
[Black "Bobel, Philippe"]
[Result "1-0"]
[WhiteElo "2249"]
[BlackElo "2234"]
[PlyCount "53"]

1. e4 e5 2. Nf3 Nc6 3. d4 exd4 4. Nxd4 Bc5 5. Be3 Qf6 6. c3 Nge7 7. Bc4 Ne5 8.
Be2 d6 9. O-O Qg6 10. Kh1 Ng4 11. Nb5 Nxe3 12. fxe3 Kd8 13. b4 Bxe3 14. e5 d5
15. c4 a6 16. N5a3 Qh6 17. Nc3 Bd2 18. Nxd5 Nxd5 19. cxd5 Bf4 20. Rxf4 Qxf4 21.
Nc4 Ke8 22. Qg1 Bd7 23. Qc5 Rc8 24. Rf1 Qe4 25. Bh5 g6 26. Bf3 Qf5 27. Qe3 1-0

[Event "EU/EM/M/006 EU Email"]
[Site "?"]
[Date "2002.09.28"]
[Round "?"]
[White "Dziedzic, Andrzej"]
[Black "Bobel, Philippe"]
[Result "1/2-1/2"]
[WhiteElo "2149"]
[BlackElo "2234"]
[PlyCount "66"]

1. e4 c6 2. d4 d5 3. Nc3 dxe4 4. Nxe4 Bf5 5. Ng3 Bg6 6. h4 h6 7. h5 Bh7 8. Nf3
Nd7 9. Bd3 Bxd3 10. Qxd3 Qc7 11. Kf1 e6 12. Ne2 Bd6 13. c4 Ngf6 14. c5 Be7 15.
Bf4 Qa5 16. b4 Qa4 17. Ne5 Nxe5 18. Bxe5 b6 19. Rb1 Qxa2 20. Nc3 Qa3 21. Qe2
bxc5 22. dxc5 a5 23. b5 O-O 24. Rh3 Qxc5 25. Na4 Qa7 26. bxc6 Nd5 27. Nc3 Bb4
28. Rg3 f6 29. Nxd5 fxe5 30. Nxb4 axb4 31. Rg4 Rac8 32. Rgxb4 Rxc6 33. Kg1 Qf7
1/2-1/2

[Event "EU/EM/M/006 EU Email"]
[Site "?"]
[Date "2002.09.28"]
[Round "?"]
[White "Dziedzic, Andrzej"]
[Black "Pietruske, Siegfried"]
[Result "0-1"]
[WhiteElo "2149"]
[BlackElo "2419"]
[PlyCount "64"]

1. e4 e5 2. Nf3 Nc6 3. d4 exd4 4. Nxd4 Nf6 5. Nxc6 bxc6 6. Bd3 d5 7. Qe2 Be7 8.
Nd2 O-O 9. O-O Bc5 10. Nb3 Bg4 11. Qe1 Bb6 12. e5 Nd7 13. Bf4 Re8 14. Qc3 a5
15. Nd4 c5 16. Nc6 Qh4 17. Bb5 Qh5 18. Qd3 d4 19. Rfe1 Bf5 20. Qg3 Bxc2 21. Bg5
h6 22. Ne7+ Kf8 23. Bxd7 Qxg5 24. Qxg5 hxg5 25. Bxe8 Rxe8 26. Nd5 Bf5 27. a4 g4
28. e6 Rd8 29. b3 c4 30. Rad1 Rc8 31. Rb1 f6 32. Rbd1 Bg6 0-1

[Event "EU/EM/M/006 EU Email"]
[Site "?"]
[Date "2002.09.28"]
[Round "?"]
[White "Dziedzic, Andrzej"]
[Black "Klausner, Helmut"]
[Result "1/2-1/2"]
[WhiteElo "2149"]
[BlackElo "2249"]
[PlyCount "85"]

1. e4 e5 2. Nf3 Nc6 3. d4 exd4 4. Nxd4 Bc5 5. Nb3 Bb6 6. Nc3 Qf6 7. Qd2 Nge7 8.
Na4 O-O 9. Nxb6 axb6 10. f3 d6 11. Kf2 Bd7 12. c3 Qe6 13. Bd3 Ne5 14. Bc2 N7g6
15. Rd1 h6 16. f4 Nc4 17. Qd4 c5 18. Qd3 Bb5 19. Qf3 Qe7 20. Kg1 Bc6 21. Qf1 b5
22. Re1 Qf6 23. a3 b6 24. Nd2 Rfe8 25. g3 Ra7 26. Nxc4 bxc4 27. a4 d5 28. e5
Qe7 29. Ra3 Rea8 30. Qe2 Bxa4 31. Bxa4 Rxa4 32. Rxa4 Rxa4 33. f5 Nf8 34. Qg4 h5
35. Qxh5 Ra1 36. Kf2 Qe8 37. Qd1 Qc6 38. Qg4 Qa4 39. Bh6 g6 40. fxg6 Qc2+ 41.
Qe2 Qxe2+ 42. Rxe2 Nxg6 43. Bg5 1/2-1/2

[Event "EU/EM/M/006 EU Email"]
[Site "?"]
[Date "2002.09.28"]
[Round "?"]
[White "Dziedzic, Andrzej"]
[Black "Shchebenyuk, Mikhail"]
[Result "1/2-1/2"]
[WhiteElo "2149"]
[BlackElo "2284"]
[PlyCount "57"]

1. e4 e5 2. Nf3 Nc6 3. d4 exd4 4. Nxd4 Bc5 5. Nb3 Bb6 6. Nc3 d6 7. a4 a6 8. Nd5
Ba7 9. Bg5 Nge7 10. Nxe7 Nxe7 11. Bc4 O-O 12. Qe2 Qe8 13. O-O Ng6 14. Nd2 Ne5
15. Bd5 c6 16. Bb3 Be6 17. Be3 Bxb3 18. Nxb3 Bxe3 19. Qxe3 f5 20. exf5 Rxf5 21.
Rae1 Qf7 22. Nd2 Rf8 23. Qd4 Qg6 24. f4 Ng4 25. Nc4 d5 26. h3 dxc4 27. hxg4
Qxg4 28. Qxc4+ Kh8 29. Re7 1/2-1/2